Funny kpop quotes - Statistics

General Stats
  • This quiz has been taken 42 times
  • The average score is 5 of 7
Answer Stats
Question Answer % Correct
There is a piece of pineapple on my burgah Bangnchan
86%
Yeah I have a pretty big nose, u know,what else is big.... my feet Chan
83%
Party party, yeah Jungkook
74%
Let's go to the beach🏖️ beach🏖️ let's go get away Keeho
74%
Chick, 🍗chicken🍗 has meat in it Felix
69%
Hey brownie boy Lee minho
57%
Pink LAmbOrghiniiiii Momo
29%
No matching quizzes found
Score Distribution
Percent of People with Each Score
Percentile by Number Answered
Your Score History
You have not taken this quiz